LEADER 01399nam a2200301 a 4500 001 000000118208 003 CaOOAMICUS 005 20091123091531.0 008 091123s2007 nju u000 u eng r 020 $a978-1-59333-747-6 040 $aPUL$bita$dReb 100 1 $aMurray, Robert.$0(OLS)http://pul/name/73810 245 14$aThe cosmic covenant :$bbiblical themes of justice, peace, and the integrity of creation /. 260 $aPiscataway, NJ :$bGorgias Press,$c2007. 300 $axxv, 233 p. ;$c23 cm. 500 $aIn calce al front. : Tigris. 500 $aEdizione facsimile della copia originale pubblicata da Sheed & Ward nel 1992. 504 $aBibliografia p. 215-225. 630 04$aBiblia$xErmeneutica.$0(OLS)http://pul/subject/20819 650 4$aAlleanza (teologia).$0(OLS)http://pul/subject/10227 650 4$aPadri della Chiesa siri.$0(OLS)http://pul/subject/5890 650 4$aPace.$0(OLS)http://pul/subject/4327 850 $aPUL 852 $aPUL$W1$xSL Religione 3$y85$m261. 88 MURRO 1$j135648$qDDC 21$B134624$CPULBib$Z2$F134624 $H111234 $82 941 1 $a9 996 $6020$a978-1-59333-747-6$9(OLS)http://pul/number/142454 996 $6245$aThe cosmic covenant :$bbiblical themes of justice, peace, and the integrity of creation$9(OLS)http://pul/title/148776 996 $6260$aPiscataway, NJ :$bGorgias Press$9(OLS)http://pul/publisher/80295 LEADER 01244nam a2200289 a 4500 001 000000170762 003 CaOOAMICUS 005 20181128100015.0 008 181128s2003 azu u000 u eng r 020 $a0972347313* 032 $aLibriCat 040 $aPUL$bita 082 04$a201.65 100 1 $aVarghese, Roy Abraham.$0(OLS)http://pul/name/88946 245 14$aThe wonder of the world : $ba journey from modern science to the mind of God /$cRoy Abraham Varghese. 260 $aFountain Hills (Ariz.) :$bTyr publishing,$c2003. 300 $aXIV, 459 p. ;$c23 cm. 500 $aInclude indici e bibliografia di riferimento. 650 4$aDio$xEsistenza$xProve.$0(OLS)http://pul/subject/403 850 $aPUL 852 $aPUL$W1$xDP2 Religione 3$y114$m201. 65 VARRO 1$j193895$qDDC 21$B199263$CPULBib$Z2$F199263 $H131720 $81 941 1 $a9 996 $6020$a0972347313*$9(OLS)http://pul/number/165389 996 $6082$a201.65$9(OLS)http://pul/classification/3169 996 $6245$aThe wonder of the world : $ba journey from modern science to the mind of God$9(OLS)http://pul/title/211585 996 $6260$aFountain Hills (Ariz.) :$bTyr publishing$9(OLS)http://pul/publisher/87042